Anteproyecto arquitectónico de Hotel turístico de Montaña en la localidad de Santa Carmela, Jinotega
Presenta la oportunidad de aprovechar una propiedad que contiene una reserva natural que permitiría dar a conocer su potencial, a la vez entablando un negocio, con el fin de relajación y recreación, surgiendo las normativas ambientales del municipio para preservar el ecosistema.
| Main Authors: | , |
|---|---|
| Other Authors: | |
| Format: | Tesis Section = Libro |
| Language: | Undetermined Spanish |
| Published: |
Managua
UNI-IES
2017
|
| Subjects: |
| LEADER | 01183nam a2200277Ia 4500 | ||
|---|---|---|---|
| 008 | 240830s9999 xx 000 0 und d | ||
| 040 | |a BIBLIOTECA-RUSB/ Mon 720.47 R621 | ||
| 041 | |a spa | ||
| 082 | |a Mon 720.47 R621 | ||
| 100 | 1 | |a Rivera Zeas, Nayeri Millet | |
| 100 | 1 | |b Rodríguez Mairena, Xabierzon Eysten | |
| 245 | 1 | 0 | |a Anteproyecto arquitectónico de Hotel turístico de Montaña en la localidad de Santa Carmela, Jinotega |
| 260 | |a Managua |b UNI-IES |c 2017 | ||
| 300 | |a 166 p. :il. | ||
| 500 | |a Contiene: anexos y CD. | ||
| 502 | |a Tesis (Arquitecto) - UNI-IES, 2017. | ||
| 520 | 3 | |a Presenta la oportunidad de aprovechar una propiedad que contiene una reserva natural que permitiría dar a conocer su potencial, a la vez entablando un negocio, con el fin de relajación y recreación, surgiendo las normativas ambientales del municipio para preservar el ecosistema. | |
| 650 | 7 | |a HOTEL DE MONTAÑA | |
| 650 | 7 | |b RESERVA NATURAL | |
| 650 | 7 | |c ÁREAS RECREATIVAS - ECOTURISMO | |
| 650 | 7 | |d ARQUITECTURA- DISEÑOS Y PLANOS | |
| 650 | 7 | |e DISEÑOS ARQUITECTONICOS | |
| 700 | 1 | |a Tutor: |b Mendoza Ruiz, Hugo | |
| 942 | |c BK |2 ddc | ||
| 991 | |a TESIS | ||
| 999 | |c 21131 | ||